[Event "Madrid Chamartin op 8th"]
[Site "Madrid"]
[Date "2019.09.14"]
[Round "8"]
[White "Sanchez Lucena, Juan"]
[Black "Martinez de la Puente, Ignacio"]
[Result "0-1"]
[WhiteElo "1407"]
[BlackElo "1720"]
[PlyCount "90"]
[EventDate "2019.09.09"]
[EventType "swiss"]
[EventRounds "9"]
[EventCountry "ESP"]
[SourceTitle "CBM 192 Extra"]
[Source "Chessbase"]
[SourceDate "2019.11.06"]
[SourceVersion "1"]
[SourceVersionDate "2019.11.06"]
[SourceQuality "1"]

1. d4 d5 2. Nf3 Nf6 3. Bf4 Bf5 4. a3 e6 5. e3 Nbd7 6. c4 dxc4 7. Bxc4 Nb6 8. Be2 Bd6 9. Ne5 0-0 10. Nc3 Nbd5 11. Nxd5 exd5 12. h3 Re8 13. Rc1 Nd7 14. Nxd7 Qxd7 15. Bxd6 Qxd6 16. Bd3 Be4 17. Bxe4 Rxe4 18. 0-0 Rae8 19. Rc3 c6 20. Qd2 f5 21. f3 R4e6 22. f4 Qe7 23. Rf3 Qh4 24. Qf2 Qe7 25. g4 Rg6 26. g5 Re6 27. h4 Qf7 28. Rh3 h5 29. Qe2 g6 30. Kf2 Qc7 31. Rh1 Qxf4+ 32. Qf3 Qc7 33. Qf4 Qxf4+ 34. exf4 Re2+ 35. Kf3 Rxb2 36. Kg3 Re4 37. Rd1 Rbe2 38. Kf3 Rb2 39. Rdd3 Kf7 40. Rb3 Rxb3 41. Rxb3 Re7 42. a4 Ke6 43. Ke3 Kd6+ 44. Kd2 b6 45. Rc3 Re4 0-1

[Event "Madrid Chamartin op 8th"]
[Site "Madrid"]
[Date "2019.09.10"]
[Round "3"]
[White "Bustos Bernardo, Samuel"]
[Black "Martinez de la Puente, Ignacio"]
[Result "1-0"]
[WhiteElo "2140"]
[BlackElo "1720"]
[PlyCount "61"]
[EventDate "2019.09.09"]
[EventType "swiss"]
[EventRounds "9"]
[EventCountry "ESP"]
[SourceTitle "CBM 192 Extra"]
[Source "Chessbase"]
[SourceDate "2019.11.06"]
[SourceVersion "1"]
[SourceVersionDate "2019.11.06"]
[SourceQuality "1"]

1. Nf3 d5 2. d4 Nf6 3. c4 dxc4 4. e3 Bg4 5. Bxc4 e6 6. 0-0 Be7 7. h3 Bh5 8. Nbd2 Nbd7 9. a3 c6 10. b4 0-0 11. Re1 Re8 12. e4 Qc7 13. Bb2 Qf4 14. Bd3 Qh6 15. Nf1 Bxf3 16. Qxf3 g6 17. Ne3 Nh5 18. Nc4 Qf4 19. Qxf4 Nxf4 20. Bf1 Rad8 21. Na5 Rb8 22. Bc1 g5 23. g3 Ng6 24. Be3 Bd8 25. Nc4 Be7 26. Red1 Rbd8 27. Na5 Rb8 28. Bg2 f6 29. d5 c5 30. bxc5 Bxc5 31. dxe6 1-0

[Event "Madrid-ch Seniors 50"]
[Site "Madrid"]
[Date "2017.01.10"]
[Round "2"]
[White "Martinez de la Puente, Ignacio"]
[Black "Pastor Diaz, David"]
[Result "1-0"]
[WhiteElo "1706"]
[BlackElo "1368"]
[PlyCount "77"]
[EventDate "2017.01.09"]
[EventType "swiss"]
[EventRounds "9"]
[EventCountry "ESP"]
[SourceTitle "CBM 176 Extra"]
[Source "ChessBase"]
[SourceDate "2017.03.02"]
[SourceVersion "1"]
[SourceVersionDate "2017.03.02"]
[SourceQuality "1"]

1. e4 e5 2. Nf3 Nc6 3. Bc4 Nf6 4. d3 Be7 5. 0-0 a6 6. a3 d5 7. exd5 Nxd5 8. Re1 Bg4 9. Be3 f5 10. h3 Bh5 11. Bxd5 Qxd5 12. Nc3 Qf7 13. Qc1 Bxf3 14. gxf3 f4 15. Bd2 Qg6+ 16. Kh2 0-0 17. Rg1 Qh5 18. Rg4 Nd4 19. Qd1 Rf6 20. Kg2 Rh6 21. Qh1 Rd8 22. Ne4 Nf5 23. Rg1 Bh4 24. Kf1 Qf7 25. Bc3 Re8 26. Qg2 g6 27. Ke2 Nd4+ 28. Kd2 Nf5 29. Re1 b6 30. Kc1 Qa2 31. Ng5 Bxg5 32. Rxg5 Qd5 33. Rxf5 Qd7 34. Rfxe5 Rxe5 35. Rxe5 Rxh3 36. Qg4 Rh1+ 37. Kd2 Qf7 38. Qc8+ Qf8 39. Re8 1-0